Atatürk'ün özel kütüphanesinin kataloğu (Record no. 3087)
[ view plain ]
| 000 -BAŞLIK | |
|---|---|
| Sabit Uzunlukta Kontrol Alanı | 01106na a2200277 4500 |
| 001 - KONTROL NUMARASI | |
| Denetim Alanı | 22420 |
| 003 - KONTROL NUMARASI IDENTIFIER | |
| Denetim Alanı | MIRAKIL |
| 005 - SON İŞLEM TARİHİ VE ZAMANI | |
| Denetim Alanı | 20181213154920.0 |
| 008 - SABİT-BOY VERİ ELEMANLARI - GENEL BİLGİLER | |
| Sabit Uzunlukta Kontrol Alanı | 170213b tu 000 0 |
| 040 ## - KATALOGLAMA KAYNAK | |
| Orijinal Kataloglama Ajansı | Milas |
| Kataloglama Dili | tur |
| Metne Dönüştürmek Ajansı | TR-AnCHP |
| 041 ## - DİL KODU | |
| Metin / Ses Parça Veya Ayrı Başlığın Dil Kodu | tur |
| 082 ## - DEWEY ONLU SINIFLANDIRMA NUMARASI | |
| Sınıflandırma Numarası | ATA 018.2 |
| Ürün Numarası | A72 1973 |
| 090 ## - SINIFLAMA NUMARASI | |
| Sınıflama Numarası | ATA 018.2 A72 1973 |
| 245 ## - BAŞLIK TABLOSU | |
| Başlık | Atatürk'ün özel kütüphanesinin kataloğu |
| Başlığın Kalan | (Anıtkabir ve Çankaya bölümleri) |
| Sorumluluk Tablosu, Vb | Hazırlayan Milli Kütüphane Genel Müdürlüğü; kataloğu hazırlayanlar Mefharet Derer, ...[ve öte.] |
| 260 ## - YAYIN, DAĞITIM, VB | |
| Yayın, Dağıtım, Vb Yeri | Ankara |
| Yayıncı, Dağıtıcı, Vs Adı | Başbakanlık Kültür Müsteşarlığı |
| Yayın, Dağıtım, Vb Tarihi | 1973 |
| 300 ## - FİZİKSEL TANIM | |
| Kapsam | 791 s. |
| Boyutlar | 25 sm. |
| 490 ## - SERİSİ TABLOSU | |
| Seri Beyanı | Başbakanlık Kültür Müsteşarlığı Cumhuriyetin 50. Yıldönümü Yayınları |
| Hacim / Ardışık Tanımı | 16 |
| 490 ## - SERİSİ TABLOSU | |
| Seri Beyanı | Milli Kütüphane Atatürk Dokümantasyon Merkezi Yayınları |
| Hacim / Ardışık Tanımı | 2 |
| 504 ## - KAYNAKÇA VB NOT | |
| Kaynakça Vb Notu | Dizin var. |
| 600 ## - KONU KATMA GİRİŞ - KURUMSAL ADI | |
| Kişisel Ad | Atatürk, Mustafa Kemal |
| Bir Adıyla İlişkilendirilen Tarihler | 1881-1938 |
| Genel Alt Bölümü | Kütüphaneler |
| 610 ## - KONU KATMA GİRİŞ - TOPLANTI ADI | |
| Giriş Elemanı Olarak Kurumsal Ad Veya Yargı Alanı Adı | Atatürk'ün Özel Kütüphanesi |
| Genel Alt Bölüm | Kataloglar |
| 650 ## - KONU KATMA GİRİŞ - TOPİKAL DÖNEM | |
| Topikal Süreli Veya Coğrafi Ad Giriş Elemanı | Kütüphane katalogları |
| Coğrafi Alt Bölümü | Ankara |
| 700 ## - KATMA GİRİŞ - KİŞİSEL İSİM | |
| Kişisel Ad | Derer, Mefharet |
| 710 ## - KATMA GİRİŞ - KURUMSAL ADI | |
| Giriş Elemanı Olarak Kurumsal Ad Veya Yargı Alanı Adı | Milli Kütüphane Başkanlığı |
| 942 ## - EKLENDİ GİRİŞ ELEMANLARI (KOHA) | |
| Sınıflandırma Veya Raf Düzeni Kaynak | |
| Koha Öğesi Türü | Books |
| 999 ## - SİSTEM KONTROL NUMARALARI (KOHA) | |
| Koha Biblionumber | 3087 |
| Koha Biblioitemnumber | 3087 |
| Kalıcı Konum | Mevcut Konum | Edinme Tarihi | Edinim Kaynak | Toplam Check-Out'Lar | Tam Çağrı Numarası | Barkod | Tarih Son Görülme | İtibaren Geçerli Fiyatlar | Koha Öğesi Türü |
|---|---|---|---|---|---|---|---|---|---|
| CHP Kütüphanesi | CHP Kütüphanesi | 02/13/2017 | Bağış | ATA 018.2 A72 1973 | 012436 | 02/13/2017 | 02/13/2017 | Books |
